Países que empiezan por A - Estadísticas

Estadísticas generales
  • Esta prueba ha sido intentada 841 veces
  • La puntuación promedio es 11 de 13
Estadísticas de respuestas
Respuesta % Correcto
Alemania
97%
Argentina
93%
Angola
90%
Australia
89%
Armenia
88%
Austria
88%
Azerbaiyán
87%
Afganistán
85%
Andorra
85%
Albania
84%
Argelia
84%
Antigua y Barbuda
77%
Arabia Saudí
68%
No se encontraron pruebas coincidentes
Distribución de puntuación
Porcentaje de gente con cada puntuación
Porcentaje por número respondido
Historial de tus puntuaciones
No has intentado esta prueba.